00000000nam##2200000za#4500
0019.534728
003CaOODSP
00520210615083625
007ta
008150406|2000||||xxc|||||     f|0| 0 eng|d
040 |aCaOODSP|beng
041 |aeng
041 |afre
043 |an-cn---
0861 |aH12-30/112
1101 |aCanada.|bHealth Canada. |bHealth Protection Branch.
24510|aInfections from endoscopes inadequately reprocessed by automatic endoscope reprocessing units
260 |aOttawa - Ontario : |bHealth Canada.
300 |a7p. : |breferences ; |c28 cm.
4901 |aAlert: medical devices |vNo. 112, June 30, 2000
546 |aBilingual
563 |aPamphlet
590 |a00-51|b2000-12-29
69007|aMedical technology|2gcpds
69007|aSafety measures|2gcpds
7760#|tInfection attribuables à une décontamination inadéquate réalisée à l'aide d'unités de retraitement automatique des endoscopes (URAE) |w(CaOODSP)9.588060
792 |tInfection attribuables à une décontamination inadéquate réalisée à l'aide d'unités de retraitement automatique des endoscopes (URAE) |efre|w(CaOODSP)9.534729
830#0|aAlert: medical devices ;|vNo. 112, June 30, 2000|w(CaOODSP)9.509384